000
00332nam a2200133Ia 4500
008
230524s9999 xx 000 0 und d
020
_a
9789350244562
100
_a
Arif Sheikh & Kaneez Fatima
_9
37239
245
0
_a
Retail Management
260
_b
Himalaya
500
_a
Quantity Number: 10
650
_a
Management
942
_c
BK
999
_c
51338
_d
51338